00552nam a2200157Ia 4500003000400000005001700004008004100021040001800062041000800080100005000088245007000138260003500208942001300243999001900256952011900275OSt20260120162457.0211028s2014 xx 000 0 und d cAIMIT LIBRARY aeng aD Souza, Rini; Periera, Divya.g121610497216 aStudy on challenges of customer advocacy at golds gym Mangalore / aMangalorebDivya Perierac2014 2ddccPRO c218786d218786 00102ddc40718PR_MBAaAIMITbAIMITd2021-10-28eMBAl0pPRB00869r2021-10-28 00:00:00t1216104w2021-10-28yPRO